3. Pero Ya No - Bad Bunny - Estadísticas

Estadísticas generales
  • Esta prueba ha sido intentada 11 veces
  • La puntuación promedio es 233 de 284
Estadísticas de respuestas
% Correcto
A
100%
a
100%
Antes
100%
antes
100%
me
100%
Me
100%
no
100%
No
100%
pa'
100%
pa
100%
pero
100%
Pero
100%
que
100%
Que
100%
quería
100%
te
100%
100%
tu
100%
y
100%
ya
100%
Ya
100%
yo
100%
Yo
100%
eh
88%
es
88%
estaba
88%
estoy
88%
ey
88%
gusta
88%
gustabas
88%
la
88%
ti
88%
con
75%
de
75%
el
75%
en
75%
En
75%
esa
75%
las
75%
los
75%
mi
75%
75%
quiero
75%
un
75%
Ahora
63%
amor
63%
break
63%
cachas
63%
como
63%
dramón
63%
estamos
63%
fake
63%
llores
63%
Pokémon
63%
se
63%
Si
63%
soy
63%
una
63%
vengas
63%
Alex
50%
baby
50%
Bayamón
50%
bye
50%
camón
50%
cinco
50%
Conmigo
50%
consigue
50%
Contigo
50%
cubanas
50%
dar
50%
dárselo
50%
dije
50%
Gracias
50%
gracias
50%
Hace
50%
hasta
50%
hay
50%
Hayabusa
50%
high
50%
hostigues
50%
J.Lo
50%
joda
50%
likes
50%
mai
50%
mami
50%
otra
50%
por
50%
Porque
50%
prefiero
50%
rato
50%
ride
50%
Rodríguez
50%
sicaria
50%
Sorry
50%
sorry
50%
Tengo
50%
tiempos
50%
tienes
50%
verdad
50%
vive
50%
voy
50%
compré
38%
cuatro
38%
redes
38%
sigues
38%
todas
38%
apoyo
25%
brinca
25%
enfango
25%
fueras
25%
hookah
25%
manchar
25%
Mokai
25%
Off-White
25%
No se encontraron pruebas coincidentes
Distribución de puntuación
Porcentaje de gente con cada puntuación
Porcentaje por número respondido
Historial de tus puntuaciones
No has intentado esta prueba.